|
|
|
|
| LEADER |
00000nam a2200000 a 4500 |
| 001 |
vtls001335450 |
| 003 |
SK-MaSNL |
| 005 |
20260301070004.0 |
| 008 |
251124s1962 HU a 0 hun |
| 020 |
|
|
|c 45,00
|
| 035 |
|
|
|a SNK000288421
|
| 040 |
|
|
|a SNK
|b slo
|c SNK
|e AACR2
|
| 044 |
|
|
|a HU
|
| 080 |
|
|
|a 633.842(439-21)(091)
|2 1981
|
| 100 |
1 |
|
|a Bálint, Sándor
|4 aut
|9 385538
|
| 245 |
1 |
0 |
|a A szegedi paprika
|c Bálint Sándor
|
| 260 |
|
|
|a Budapest
|c 1962
|
| 300 |
|
|
|a 138 s.
|c 25 cm
|
| 500 |
|
|
|a Venovanie autora
|
| 650 |
0 |
7 |
|a paprika
|x pestovanie
|x spracovanie
|z Segedín (Slovensko)
|x dejiny
|2 SNK
|9 385539
|
| 651 |
|
7 |
|a Segedín (Maďarsko)
|2 SNK
|9 87417
|
| 999 |
|
|
|c 632721
|d 634651
|
| 952 |
|
|
|t P60, <04>, [BOOK], {604}
|a SNK
|b SNK
|y VYP
|7 0
|p 17A0140537
|o snkIC 127367
|i snkK 1147/98
|0 0
|1 0
|4 0
|d 1998-06-25
|l 0
|r 2005-01-02 00:00:00
|w 2026-02-23
|